| 000 | 00611nam a2200205 a 4500 | ||
|---|---|---|---|
| 001 | 000017165 | ||
| 003 | OSt | ||
| 005 | 20201030095950.0 | ||
| 008 | 100319s1975 dr 000 0 spa d | ||
| 040 |
_aDO-SdBNP _bspa _cBNPHU |
||
| 082 |
_axxx _bH557i |
||
| 100 | 1 |
_aHernández Fortuna, Arsenio _937797 |
|
| 245 | 1 | 0 |
_aImparcialidad periodística en Santo Domingo / _cArsenio Hernández Fortuna. |
| 260 |
_aSanto Domingo : _bTaller, _c1975. |
||
| 300 |
_a224 p. ; _c23 cm. |
||
| 490 | 1 |
_aBiblioteca Taller _v54 |
|
| 590 | _aInventariado, 2020/ YL | ||
| 830 | 0 |
_aBiblioteca Taller _n54 _937798 |
|
| 942 |
_2ddc _cLBS1 |
||
| 999 |
_c16691 _d16691 |
||